000 00305nam a22001337a 4500
008 181107b xxu||||| |||| 00| 0 eng d
020 _a0137251440
041 _aeng
080 _22nd
_a330
100 _a52
101 _aMBE
245 _aProduction and Inventory Control
_cPlossl, G.W
942 _2udc
_cBK
999 _c52167
_d52167